000 00484nam a2200193Ia 4500
005 20250423095613.0
008 250422s9999 xx 000 0 und d
020 _a0194230686
050 _aPZ 7 .J43 H43/
100 _aJhabvala, Ruth Prawer
245 0 _aHeat and dust
250 _a2th ed.
260 _aOxford
260 _bOxford Universty Press
260 _c2000
300 _a104 p
650 _aEnglish language -- Study and teaching Readers - Stage 5
942 _cBK
999 _c30774
_d30774